000 00361 a2200157 4500
001 193117
020 _a978-85-08-15937-6
040 _cMagnum
100 _aMachado, Ana Maria
240 1 0 _aUma, duas, três princesas
_lpor
245 1 0 _aUma, duas, três princesas
300 _a40
362 0 _a2013
697 _aLITERATURA INFANTO-JUVENIL
942 _cBK
999 _c193117
_d193117